[Event "Wch Seniors (Women) 21st"]
[Site "Rijeka"]
[Date "2011.11.21"]
[Round "6"]
[White "Chernova, Natalja"]
[Black "Chireykina, Natalia"]
[Result "1/2-1/2"]
[WhiteElo "2095"]
[BlackElo "1853"]
[PlyCount "54"]
[EventDate "2011.11.15"]
[EventType "swiss"]
[EventRounds "11"]
[EventCountry "CRO"]
[SourceTitle "CBM 145 Extra"]
[Source "ChessBase"]
[SourceDate "2012.01.03"]
[SourceVersion "1"]
[SourceVersionDate "2012.01.03"]
[SourceQuality "1"]

1. d4 Nf6 2. c4 d6 3. Nc3 e5 4. dxe5 dxe5 5. Qxd8+ Kxd8 6. Nf3 Nbd7 7. Bd2 h6 8. e4 c6 9. Be2 Kc7 10. 0-0 Bb4 11. Nb5+ cxb5 12. Bxb4 a5 13. Bc3 Nxe4 14. Bxe5+ Nxe5 15. Nxe5 bxc4 16. Nxc4 Bd7 17. Rac1 Bc6 18. Ne5 Rhe8 19. Nxc6 bxc6 20. Rc2 Kb6 21. Rfc1 Rac8 22. Bc4 Nd6 23. Bb3 c5 24. h3 Rc7 25. Ba4 Re4 26. Rd2 Nb5 27. Bxb5 Kxb5 1/2-1/2

[Event "Wch Seniors (Women) 21st"]
[Site "Rijeka"]
[Date "2011.11.18"]
[Round "4"]
[White "Fatalibekova, Elena"]
[Black "Chernova, Natalja"]
[Result "1-0"]
[WhiteElo "2285"]
[BlackElo "2095"]
[PlyCount "38"]
[EventDate "2011.11.15"]
[EventType "swiss"]
[EventRounds "11"]
[EventCountry "CRO"]
[SourceTitle "CBM 145 Extra"]
[Source "ChessBase"]
[SourceDate "2012.01.03"]
[SourceVersion "1"]
[SourceVersionDate "2012.01.03"]
[SourceQuality "1"]

1. Nf3 Nf6 2. d4 d5 3. c4 e6 4. Nc3 Be7 5. Bg5 Nbd7 6. e3 c6 7. Qc2 0-0 8. Rd1 h6 9. Bh4 Re8 10. a3 dxc4 11. Bxc4 Nh7 12. Bg3 Ng5 13. Ne5 Nh7 14. Nxf7 Kxf7 15. Qxh7 Nf6 16. Qc2 Qa5 17. 0-0 Kg8 18. Be5 Ng4 19. Qg6 Qd8 1-0

[Event "RUS-ch Seniors (Women)"]
[Site "Odintsovo"]
[Date "2011.04.27"]
[Round "9"]
[White "Chernova, Natalja"]
[Black "Saunina, Ludmila"]
[Result "1/2-1/2"]
[WhiteElo "2082"]
[BlackElo "2271"]
[PlyCount "95"]
[EventDate "2011.04.19"]
[EventType "swiss"]
[EventRounds "9"]
[EventCountry "RUS"]
[SourceTitle "CBM 142 Extra"]
[Source "ChessBase"]
[SourceDate "2011.06.27"]
[SourceVersion "1"]
[SourceVersionDate "2011.06.27"]
[SourceQuality "1"]

1. d4 Nf6 2. Nf3 e6 3. Bg5 h6 4. Bh4 g5 5. Bg3 d6 6. e3 Nh5 7. Bd3 Bg7 8. Nbd2 Nc6 9. c3 Bd7 10. Qe2 Qe7 11. 0-0-0 0-0-0 12. Ne1 Nxg3 13. hxg3 f5 14. Nc2 Qf7 15. Kb1 Rde8 16. Qf1 e5 17. Bc4 d5 18. Be2 g4 19. Nb3 Bf8 20. c4 exd4 21. Ncxd4 Nxd4 22. Nxd4 Bg7 23. c5 c6 24. Qe1 Kb8 25. Qa5 f4 26. gxf4 g3 27. Bh5 Qf6 28. Bxe8 Rxe8 29. Qd2 gxf2 30. Qxf2 Qe7 31. f5 Qxe3 32. Qxe3 Rxe3 33. Rhf1 Bf6 34. Rf2 Re4 35. Nc2 h5 36. g3 Rg4 37. Rf3 Rg5 38. Nd4 b6 39. Ne6 Rg4 40. cxb6 axb6 41. Nf8 Bc8 42. Nh7 Be5 43. f6 Bd6 44. f7 Rg7 45. f8Q Bxf8 46. Nxf8 Bg4 47. Rdf1 Bxf3 48. Rxf3 1/2-1/2

[Event "RUS-ch Seniors (Women)"]
[Site "Odintsovo"]
[Date "2011.04.26"]
[Round "8"]
[White "Chernova, Natalja"]
[Black "Fatalibekova, Elena"]
[Result "1/2-1/2"]
[WhiteElo "2082"]
[BlackElo "2282"]
[PlyCount "37"]
[EventDate "2011.04.19"]
[EventType "swiss"]
[EventRounds "9"]
[EventCountry "RUS"]
[SourceTitle "CBM 142 Extra"]
[Source "ChessBase"]
[SourceDate "2011.06.27"]
[SourceVersion "1"]
[SourceVersionDate "2011.06.27"]
[SourceQuality "1"]

1. e4 c5 2. Nc3 e6 3. g3 d5 4. exd5 exd5 5. Bg2 Nf6 6. d3 Be7 7. Nge2 d4 8. Ne4 Nd5 9. Nf4 Nxf4 10. Bxf4 Nc6 11. 0-0 Be6 12. Re1 0-0 13. a3 h6 14. Qh5 Qc8 15. h3 Rd8 16. Kh2 f5 17. Nd2 Bf7 18. Qe2 Bf8 19. Nc4 1/2-1/2

[Event "RUS-ch Seniors (Women)"]
[Site "Odintsovo"]
[Date "2011.04.23"]
[Round "5"]
[White "Melnik, Galina Ivanovna"]
[Black "Chernova, Natalja"]
[Result "1/2-1/2"]
[WhiteElo "1993"]
[BlackElo "2082"]
[PlyCount "107"]
[EventDate "2011.04.19"]
[EventType "swiss"]
[EventRounds "9"]
[EventCountry "RUS"]
[SourceTitle "CBM 142 Extra"]
[Source "ChessBase"]
[SourceDate "2011.06.27"]
[SourceVersion "1"]
[SourceVersionDate "2011.06.27"]
[SourceQuality "1"]

1. d4 d5 2. Nf3 e6 3. c4 Nf6 4. Nc3 Nbd7 5. Bg5 c6 6. cxd5 exd5 7. e3 Be7 8. Bd3 0-0 9. Qc2 Re8 10. 0-0 Nf8 11. h3 Ne4 12. Bxe7 Qxe7 13. Bxe4 dxe4 14. Nd2 f5 15. f3 exf3 16. Rxf3 Be6 17. Nf1 Ng6 18. Re1 Qh4 19. Rd1 Rad8 20. Ng3 f4 21. exf4 Nxf4 22. Qf2 Ng6 23. Nf5 Qxf2+ 24. Kxf2 Bd5 25. Nxd5 Rxd5 26. Ne3 Rd7 27. Ke2 Nh4 28. Rf2 Re4 29. g3 Ng6 30. d5 cxd5 31. Kd2 Rd4+ 32. Kc3 Rxd1 33. Nxd1 Ne5 34. b3 d4+ 35. Kd2 h6 36. Rf5 Re7 37. Nb2 Nc6 38. Rf3 Ne5 39. Rf5 g6 40. Rf4 Kg7 41. a4 g5 42. Rf2 Rf7 43. Rxf7+ Kxf7 44. Nd3 Kf6 45. Nc5 b6 46. Ne4+ Ke6 47. g4 Kd5 48. Ng3 Kc5 49. Nf5 Kd5 50. Nxh6 Ke4 51. Nf5 Nf3+ 52. Kc2 d3+ 53. Kd1 Kf4 54. b4 1/2-1/2

[Event "Wch Seniors (Women) 19th"]
[Site "Condino"]
[Date "2009.10.27"]
[Round "1"]
[White "Kozlovskaya, Valentina"]
[Black "Chernova, Natalja"]
[Result "1-0"]
[WhiteElo "2252"]
[BlackElo "2082"]
[PlyCount "95"]
[EventDate "2009.10.27"]
[EventType "swiss"]
[EventRounds "9"]
[EventCountry "ITA"]
[SourceTitle "EXT 2010"]
[Source "ChessBase"]
[SourceDate "2010.11.25"]
[SourceVersion "1"]
[SourceVersionDate "2010.11.25"]
[SourceQuality "1"]

1. d4 d5 2. c4 e6 3. Nf3 Nf6 4. Nc3 Be7 5. Bf4 a6 6. e3 0-0 7. Qc2 Nbd7 8. h3 dxc4 9. Bxc4 c5 10. dxc5 Bxc5 11. 0-0 b5 12. Bd3 Bb7 13. Rfd1 h6 14. Qe2 Qe7 15. Bh2 Rac8 16. Rac1 Rfd8 17. a3 Bb6 18. Bd6 Qe8 19. b4 Rc6 20. Bh2 Rdc8 21. Qb2 Bc7 22. Nd4 Bxh2+ 23. Kxh2 R6c7 24. f4 Nb6 25. Nb3 Nfd7 26. Na5 Ba8 27. Bf1 e5 28. Re1 Qe7 29. Ne2 Qd6 30. Red1 Qg6 31. Rxc7 Rxc7 32. Rc1 Qd6 33. Rxc7 Qxc7 34. Qc3 Qd6 35. Nb3 exf4 36. exf4 Qd1 37. Ng3 Bd5 38. Nc5 Nf6 39. Qe5 Nc4 40. Qe7 h5 41. Qd8+ Kh7 42. Bd3+ g6 43. Qxf6 Ne3 44. Be4 Qd2 45. Bxd5 Qxd5 46. Nce4 Qa2 47. Ng5+ Kg8 48. Qd8+ 1-0

[Event "RUS-ch Seniors (Women)"]
[Site "Lesnoj Gorodok"]
[Date "2009.10.10"]
[Round "8"]
[White "Katzkova, Olga"]
[Black "Chernova, Natalja"]
[Result "1/2-1/2"]
[WhiteElo "2083"]
[BlackElo "2082"]
[PlyCount "66"]
[EventDate "2009.10.03"]
[EventType "swiss"]
[EventRounds "9"]
[EventCountry "RUS"]
[SourceTitle "CBM 132 Extra"]
[Source "ChessBase"]
[SourceDate "2009.11.03"]
[SourceVersion "1"]
[SourceVersionDate "2009.11.03"]
[SourceQuality "1"]

1. e4 c6 2. d4 g6 3. Nf3 d6 4. h3 Bg7 5. Be3 Nd7 6. Be2 Ngf6 7. Nc3 Qc7 8. 0-0 0-0 9. Qd2 b5 10. b4 Nb6 11. Bh6 a6 12. Bxg7 Kxg7 13. Rfe1 Be6 14. Ng5 Bc4 15. Qf4 e5 16. dxe5 dxe5 17. Qe3 a5 18. a3 Bxe2 19. Qxe2 axb4 20. axb4 Nc4 21. Nf3 Ra7 22. Nd2 Nxd2 23. Qxd2 Rfa8 24. Rad1 Ra3 25. Nb1 Ra2 26. Qc3 Ra1 27. Qc5 R8a2 28. Nd2 Rxd1 29. Rxd1 Nd7 30. Qc3 Qd6 31. Qb3 Ra8 32. c3 Qc7 33. Nf3 Nb6 1/2-1/2

[Event "RUS-ch Seniors (Women)"]
[Site "Odintsovo"]
[Date "2008.10.09"]
[Round "7"]
[White "Chernova, Natalja"]
[Black "Kuznetsova, Luba"]
[Result "1/2-1/2"]
[WhiteElo "2073"]
[BlackElo "2127"]
[PlyCount "60"]
[EventDate "2008.10.02"]
[EventType "swiss"]
[EventRounds "9"]
[EventCountry "RUS"]
[SourceTitle "CBM 127 Extra"]
[Source "ChessBase"]
[SourceDate "2009.01.08"]
[SourceVersion "2"]
[SourceVersionDate "2009.01.28"]
[SourceQuality "1"]

1. d4 d5 2. c4 c6 3. Nf3 e6 4. Nc3 f5 5. cxd5 cxd5 6. Bf4 Nf6 7. e3 a6 8. Be2 Be7 9. Rc1 0-0 10. Ne5 Nbd7 11. 0-0 Nxe5 12. Bxe5 Bd7 13. Qb3 Bc6 14. h3 Bd6 15. Bxd6 Qxd6 16. Bd3 Kh8 17. a3 g5 18. Qb4 Qd7 19. f3 h5 20. Ne2 Rg8 21. Qe1 Qg7 22. Qg3 Rac8 23. Qe5 Rge8 24. Rc3 Nd7 25. Qxg7+ Kxg7 26. Rfc1 Nb8 27. Kf2 h4 28. b4 Bd7 29. Rc7 Rxc7 30. Rxc7 b5 1/2-1/2

[Event "RUS-ch Seniors (Women)"]
[Site "Odintsovo"]
[Date "2008.10.03"]
[Round "2"]
[White "Vasiukova, Renata D"]
[Black "Chernova, Natalja"]
[Result "0-1"]
[WhiteElo "1528"]
[BlackElo "2073"]
[PlyCount "46"]
[EventDate "2008.10.02"]
[EventType "swiss"]
[EventRounds "9"]
[EventCountry "RUS"]
[SourceTitle "CBM 127 Extra"]
[Source "ChessBase"]
[SourceDate "2009.01.08"]
[SourceVersion "2"]
[SourceVersionDate "2009.01.28"]
[SourceQuality "1"]

1. c3 c5 2. d3 d5 3. h3 Nf6 4. g4 h6 5. Bg2 e6 6. Nd2 Nc6 7. Nf1 Bd6 8. e4 Qc7 9. Qe2 d4 10. c4 Bd7 11. Bd2 0-0-0 12. Nf3 Ne5 13. N1h2 Ng6 14. g5 hxg5 15. Bxg5 Nf4 16. Bxf6 Nxe2 17. Bxd8 Kxd8 18. Kxe2 Bc6 19. Ng4 Bf4 20. Rhd1 f5 21. Nge5 Bxe5 22. Nxe5 Qxe5 23. f3 Qh2 0-1

[Event "RUS-ch Seniors (Women)"]
[Site "Zvenigorod"]
[Date "2005.12.01"]
[Round "4"]
[White "Chernova, Natalja"]
[Black "Kalashnikova, Larisa"]
[Result "1-0"]
[WhiteElo "2050"]
[BlackElo "2041"]
[PlyCount "97"]
[EventDate "2005.11.28"]
[EventType "swiss"]
[EventRounds "7"]
[EventCountry "RUS"]
[SourceTitle "EXT 2007"]
[Source "ChessBase"]
[SourceDate "2006.11.23"]
[SourceVersion "1"]
[SourceVersionDate "2006.11.23"]
[SourceQuality "1"]

1. d4 f5 2. Nc3 d5 3. Bg5 c6 4. e3 g6 5. h4 h6 6. Bf4 Nf6 7. Be2 Bg7 8. Nf3 Be6 9. Ne5 Bf7 10. g4 e6 11. gxf5 exf5 12. Rg1 Ng4 13. Nxf7 Kxf7 14. Bxg4 fxg4 15. Qxg4 Qf6 16. Be5 h5 17. Bxf6 hxg4 18. Bxg7 Kxg7 19. Rxg4 Nd7 20. 0-0-0 Raf8 21. Rf1 Rh5 22. Ne2 Nf6 23. Rg2 Rxh4 24. Nf4 Re8 25. Nxg6 Rh7 26. Ne5+ Kf8 27. Rfg1 Re6 28. Kd1 Re8 29. Ke2 Re6 30. Rg6 Rd6 31. R1g3 Re6 32. Ng4 Ke7 33. Nxf6 Rxf6 34. Rg7+ Rf7 35. Rxf7+ Kxf7 36. Rg2 Kf6 37. Kd3 Ke6 38. c4 Rf7 39. cxd5+ cxd5 40. Rg6+ Kd7 41. f4 Kc7 42. Rg5 Kd6 43. f5 Kc6 44. Rg6+ Kd7 45. e4 dxe4+ 46. Kxe4 Re7+ 47. Kd5 Kc7 48. f6 Rd7+ 49. Ke5 1-0

[Event "St Petersburg-ch (Women)"]
[Site "St Petersburg"]
[Date "2005.02.18"]
[Round "4"]
[White "Chernova, Natalja"]
[Black "Bistrikova, Elena V"]
[Result "0-1"]
[WhiteElo "2071"]
[BlackElo "2185"]
[PlyCount "86"]
[EventDate "2005.02.15"]
[EventType "swiss"]
[EventRounds "9"]
[EventCountry "RUS"]
[SourceTitle "EXT 2006"]
[Source "ChessBase"]
[SourceDate "2005.11.24"]
[SourceVersion "1"]
[SourceVersionDate "2005.11.24"]
[SourceQuality "1"]

1. d4 d5 2. Nf3 c6 3. Bf4 Qb6 4. Qc1 Nf6 5. e3 Bf5 6. Nbd2 Nbd7 7. h3 h6 8. Be2 e6 9. Ne5 Nxe5 10. Bxe5 Nd7 11. Bg3 c5 12. Nf3 Rc8 13. c3 Be7 14. Ne5 Nxe5 15. Bxe5 0-0 16. 0-0 Qc6 17. dxc5 Qxc5 18. Qd1 f6 19. Bg3 b5 20. Bg4 Bxg4 21. Qxg4 Rc6 22. e4 Rd8 23. Rfd1 e5 24. exd5 Rxd5 25. Rxd5 Qxd5 26. Rd1 Qe6 27. Qg6 Rd6 28. Qe8+ Bf8 29. Qxe6+ Rxe6 30. f3 Ra6 31. a3 Rd6 32. Rxd6 Bxd6 33. Kf2 Kf7 34. Ke2 Ke6 35. Bf2 a5 36. a4 bxa4 37. Bb6 a3 38. bxa3 a4 39. Kd3 Bxa3 40. Kc4 Bc1 41. Bc5 f5 42. Kb4 a3 43. Kb3 e4 0-1

[Event "RUS-ch Seniors (Women)"]
[Site "Tula"]
[Date "2004.05.??"]
[Round "6"]
[White "Kabanova, Irina"]
[Black "Chernova, Natalja"]
[Result "1/2-1/2"]
[WhiteElo "2030"]
[BlackElo "2032"]
[PlyCount "37"]
[EventDate "2004.05.??"]
[EventType "swiss"]
[EventRounds "8"]
[EventCountry "RUS"]
[SourceTitle "EXT 2005"]
[Source "ChessBase"]
[SourceDate "2004.11.15"]
[SourceVersion "1"]
[SourceVersionDate "2004.11.15"]
[SourceQuality "1"]

1. e4 d5 2. exd5 Nf6 3. d4 Nxd5 4. Nf3 g6 5. Be2 Bg7 6. c3 0-0 7. 0-0 Nc6 8. h3 e5 9. dxe5 Nxe5 10. Nxe5 Bxe5 11. Bh6 Re8 12. Bf3 Be6 13. Re1 Bh8 14. Bxd5 Qxd5 15. Nd2 Rad8 16. Qe2 Bg7 17. Be3 Bd7 18. Qf3 Bc6 19. Qxd5 1/2-1/2

[Event "RUS-ch Seniors (Women)"]
[Site "Tula"]
[Date "2004.05.??"]
[Round "4"]
[White "Melnik, Galina Ivanovna"]
[Black "Chernova, Natalja"]
[Result "1/2-1/2"]
[WhiteElo "2098"]
[BlackElo "2032"]
[PlyCount "75"]
[EventDate "2004.05.??"]
[EventType "swiss"]
[EventRounds "8"]
[EventCountry "RUS"]
[SourceTitle "EXT 2005"]
[Source "ChessBase"]
[SourceDate "2004.11.15"]
[SourceVersion "1"]
[SourceVersionDate "2004.11.15"]
[SourceQuality "1"]

1. d4 Nf6 2. Nf3 e6 3. c4 Bb4+ 4. Bd2 Bxd2+ 5. Nbxd2 d6 6. e4 Nc6 7. Be2 e5 8. d5 Ne7 9. 0-0 Nd7 10. Ne1 Ng6 11. g3 0-0 12. Ng2 a5 13. b3 Nc5 14. Bg4 f5 15. exf5 Bxf5 16. Bxf5 Rxf5 17. Qe2 Qf8 18. Ne4 Nxe4 19. Qxe4 Rf7 20. Rae1 Qc8 21. Ne3 Qd7 22. Qg4 Qe7 23. Ng2 Qf8 24. Re4 Re8 25. Ne3 Rf6 26. h4 Nf4 27. h5 Nd3 28. Qe2 Nc5 29. Rh4 h6 30. Ng2 Rf5 31. Re1 Rg5 32. Nf4 Qf7 33. Ng6 e4 34. Nf4 Rf8 35. Rf1 Re8 36. Qe3 Rge5 37. Kg2 Rf5 38. Kg1 1/2-1/2

[Event "RUS-Cup 300 years (Women)"]
[Site "St Petersburg"]
[Date "2003.10.25"]
[Round "8"]
[White "Rumiantseva, Maria"]
[Black "Chernova, Natalja"]
[Result "1/2-1/2"]
[WhiteElo "2074"]
[BlackElo "2062"]
[PlyCount "105"]
[EventDate "2003.10.18"]
[EventType "swiss"]
[EventRounds "9"]
[EventCountry "RUS"]
[SourceTitle "EXT 2004"]
[Source "ChessBase"]
[SourceDate "2003.11.25"]
[SourceVersion "1"]
[SourceVersionDate "2003.11.25"]
[SourceQuality "1"]

1. d4 d5 2. c4 dxc4 3. e3 e5 4. Bxc4 exd4 5. exd4 Nf6 6. Bg5 Be7 7. Nf3 0-0 8. 0-0 Bg4 9. Qb3 Bxf3 10. Qxf3 Nc6 11. Rd1 Nxd4 12. Qf4 c5 13. Nc3 Nd5 14. Bxd5 Bxg5 15. Qg4 Rb8 16. Bc4 Be7 17. Nb5 Bf6 18. Nc3 Qc8 19. Qh5 g6 20. Qd5 Bg7 21. a4 Qc6 22. Qxc6 Nxc6 23. Rd5 b6 24. Bb5 Nd4 25. Rd7 Rbd8 26. Rxa7 Nxb5 27. axb5 Rd2 28. Rb1 Rfd8 29. Kf1 Bd4 30. Nd1 Re8 31. Rd7 Ree2 32. Ra1 Bxb2 33. Rxd2 Rxd2 34. Ke1 Rc2 35. Ne3 Bc3+ 36. Kf1 Rxf2+ 37. Kxf2 Bxa1 38. Nc4 Kf8 39. Nxb6 Ke7 40. Nc4 Kd7 41. Ke3 h6 42. Ke4 f6 43. Kd5 Bd4 44. Nb6+ Kc7 45. Na4 Bg1 46. h3 f5 47. Nxc5 g5 48. Ne6+ Kb6 49. Nd4 g4 50. Nxf5 gxh3 51. gxh3 Kxb5 52. Nxh6 Be3 53. Nf5 1/2-1/2

[Event "RUS-Cup 300 years (Women)"]
[Site "St Petersburg"]
[Date "2003.10.24"]
[Round "7"]
[White "Chernova, Natalja"]
[Black "Alekseeva, Alena"]
[Result "0-1"]
[WhiteElo "2062"]
[BlackElo "2060"]
[PlyCount "68"]
[EventDate "2003.10.18"]
[EventType "swiss"]
[EventRounds "9"]
[EventCountry "RUS"]
[SourceTitle "EXT 2004"]
[Source "ChessBase"]
[SourceDate "2003.11.25"]
[SourceVersion "1"]
[SourceVersionDate "2003.11.25"]
[SourceQuality "1"]

1. e4 c6 2. d4 d5 3. f3 g6 4. e5 Bg7 5. Bd3 Qb6 6. Ne2 c5 7. c3 Nc6 8. Qb3 Qxb3 9. axb3 cxd4 10. cxd4 Nh6 11. Nbc3 Nb4 12. Bb5+ Bd7 13. 0-0 e6 14. Ra4 Nc6 15. Ng3 0-0 16. Be3 Rfc8 17. Rfa1 a6 18. Bxc6 Rxc6 19. Ra5 Rb6 20. Kf2 Rxb3 21. R1a2 Bf8 22. Ke2 Kg7 23. Kd1 Rb4 24. Kc2 Rc4 25. Kb3 Rc6 26. Bd2 Rb6+ 27. Kc2 Bb4 28. Rc5 Bxc5 29. dxc5 Rc6 30. b4 Rcc8 31. Be3 Ng8 32. Kb3 Ne7 33. f4 Bb5 34. Nge2 Bc4+ 0-1

[Event "RUS-Cup 300 years (Women)"]
[Site "St Petersburg"]
[Date "2003.10.23"]
[Round "6"]
[White "Likhovid, Ekaterina"]
[Black "Chernova, Natalja"]
[Result "0-1"]
[WhiteElo "2085"]
[BlackElo "2062"]
[PlyCount "98"]
[EventDate "2003.10.18"]
[EventType "swiss"]
[EventRounds "9"]
[EventCountry "RUS"]
[SourceTitle "EXT 2004"]
[Source "ChessBase"]
[SourceDate "2003.11.25"]
[SourceVersion "1"]
[SourceVersionDate "2003.11.25"]
[SourceQuality "1"]

1. d4 d5 2. c4 e6 3. Nf3 c6 4. Nc3 f5 5. cxd5 exd5 6. Bf4 Nf6 7. e3 Nbd7 8. Bd3 Ne4 9. Ne5 Ndf6 10. Qc2 Be7 11. f3 Nd6 12. 0-0-0 0-0 13. g4 fxg4 14. fxg4 Be6 15. Kb1 Nfe4 16. Rhg1 Nxc3+ 17. bxc3 Ne4 18. Bxe4 dxe4 19. Qxe4 Bd5 20. Qc2 Qb6+ 21. Ka1 Rad8 22. Rg3 c5 23. Rh3 g6 24. c4 Bf7 25. Bh6 Bf6 26. Rb1 Qc7 27. Bxf8 Rxf8 28. Nf3 Re8 29. Rb3 cxd4 30. exd4 Bxc4 31. Rxb7 Qxb7 32. Qxc4+ Kg7 33. g5 Bd8 34. Qc3 Qd5 35. Qb2 Bb6 36. a3 Re3 37. Kb1 Rxf3 38. Rxf3 Qxf3 39. d5+ Kg8 40. Qe5 Qd1+ 41. Ka2 Qc2+ 42. Ka1 Qf5 43. Qe8+ Kg7 44. Qe7+ Qf7 45. Qe5+ Kg8 46. Qe4 Bc5 47. Qd3 Qe7 48. a4 Qe3 49. Qc4 Qd4+ 0-1

[Event "RUS-Cup 300 years (Women)"]
[Site "St Petersburg"]
[Date "2003.10.18"]
[Round "1"]
[White "Chernova, Natalja"]
[Black "Dornbusch, Tatiana"]
[Result "0-1"]
[WhiteElo "2062"]
[BlackElo "2277"]
[PlyCount "54"]
[EventDate "2003.10.18"]
[EventType "swiss"]
[EventRounds "9"]
[EventCountry "RUS"]
[SourceTitle "EXT 2004"]
[Source "ChessBase"]
[SourceDate "2003.11.25"]
[SourceVersion "1"]
[SourceVersionDate "2003.11.25"]
[SourceQuality "1"]

1. d4 Nf6 2. c4 c5 3. e3 g6 4. Nf3 Bg7 5. Nc3 0-0 6. Be2 cxd4 7. exd4 d5 8. Ne5 Nc6 9. 0-0 Be6 10. Bf3 Rc8 11. Nxc6 bxc6 12. c5 Bf5 13. Re1 e5 14. dxe5 Nd7 15. Bf4 Nxc5 16. Qd2 Nd3 17. Re2 Nxf4 18. Qxf4 Re8 19. Rd1 Qc7 20. Rde1 Re6 21. Qd4 Rce8 22. g4 Rxe5 23. Qc5 Rxe2 24. Rxe2 Rxe2 25. Bxe2 Be6 26. Bb5 Qf4 27. Qxc6 Bd4 0-1

[Event "St Petersburg Rudenko Memorial (Women)"]
[Site "St Petersburg"]
[Date "2002.10.??"]
[Round "9.13"]
[White "Chernova, Natalja"]
[Black "Astanovskaya, Yulia"]
[Result "1/2-1/2"]
[WhiteElo "2121"]
[BlackElo "2013"]
[PlyCount "75"]
[EventDate "2002.10.??"]
[EventType "swiss"]
[EventRounds "9"]
[EventCountry "RUS"]
[SourceTitle "CBM 091 Extra"]
[Source "ChessBase"]
[SourceDate "2003.01.09"]
[SourceVersion "1"]
[SourceVersionDate "2003.01.09"]
[SourceQuality "1"]

1. d4 d5 2. c4 e6 3. Nc3 c5 4. e3 Nf6 5. Nf3 Nc6 6. Be2 Be7 7. 0-0 0-0 8. a3 a5 9. cxd5 exd5 10. dxc5 Bxc5 11. Nb5 Ne4 12. Nbd4 Qd6 13. Bd2 Qf6 14. Bc3 Nxc3 15. bxc3 Bd6 16. Nb5 Rd8 17. Nxd6 Rxd6 18. Nd4 Ne5 19. Rb1 Qg6 20. Kh1 Rb6 21. Rxb6 Qxb6 22. Qc2 Qc5 23. a4 Nc4 24. Bd3 h6 25. h3 Bd7 26. Ra1 Ra6 27. e4 Rb6 28. Bxc4 Qxc4 29. exd5 Qxd5 30. Qd3 Rb2 31. Qg3 Ra2 32. Rxa2 Qxa2 33. Qb8+ Kh7 34. Qxb7 Qxa4 35. Qe4+ Kg8 36. Qa8+ Kh7 37. Qd5 Be6 38. Nxe6 1/2-1/2

[Event "St Petersburg Rudenko Memorial (Women)"]
[Site "St Petersburg"]
[Date "2002.10.??"]
[Round "7.13"]
[White "Gaprindashvili, Nona"]
[Black "Chernova, Natalja"]
[Result "0-1"]
[WhiteElo "2318"]
[BlackElo "2121"]
[PlyCount "138"]
[EventDate "2002.10.??"]
[EventType "swiss"]
[EventRounds "9"]
[EventCountry "RUS"]
[SourceTitle "CBM 091 Extra"]
[Source "ChessBase"]
[SourceDate "2003.01.09"]
[SourceVersion "1"]
[SourceVersionDate "2003.01.09"]
[SourceQuality "1"]

1. e4 e6 2. d4 d5 3. exd5 exd5 4. Bd3 Nc6 5. c3 Bd6 6. Nf3 Nf6 7. 0-0 0-0 8. Bg5 Be7 9. Nbd2 Nh5 10. Bxe7 Qxe7 11. Re1 Qf6 12. Ne5 Nf4 13. Ndf3 Ne7 14. Bc2 Nf5 15. Qd2 Nd6 16. b3 Qh6 17. Nd3 Ng6 18. Qxh6 gxh6 19. Nde5 Be6 20. Nxg6 hxg6 21. Bxg6 Bg4 22. Ne5 Be6 23. Bc2 Kg7 24. Re3 Kf6 25. Rf3+ Ke7 26. h3 Rg8 27. Kh2 Rg7 28. Re1 Rag8 29. g4 Kd8 30. Rfe3 h5 31. f3 hxg4 32. fxg4 f5 33. Bd1 Ne4 34. Rg1 Nf2 35. Nd3 Nxd1 36. Rxd1 Bd7 37. gxf5 Rg2+ 38. Kh1 Bxf5 39. Nf4 R2g3 40. Rxg3 Rxg3 41. c4 Be4+ 42. Kh2 Rf3 43. Nxd5 c6 44. Nb4 a5 45. d5 c5 46. Rg1 axb4 47. Rg8+ Kd7 48. Rg7+ Kc8 49. Rg8+ Kc7 50. Rg7+ Kb6 51. Re7 Bb1 52. d6 Kc6 53. h4 Kxd6 54. Rxb7 Bxa2 55. h5 Bxb3 56. h6 Bxc4 57. Rb6+ Kc7 58. h7 Rf8 59. Rh6 Rh8 60. Kg3 Bd3 61. Rh5 c4 62. Kf2 Rxh7 63. Rb5 b3 64. Ke3 Kc6 65. Rb8 Kc5 66. Kd2 Rh2+ 67. Kd1 Kd4 68. Rd8+ Kc3 69. Rb8 Rh1# 0-1

[Event "St Petersburg Rudenko Memorial (Women)"]
[Site "St Petersburg"]
[Date "2002.10.??"]
[Round "3.6"]
[White "Ryjanova, Julia"]
[Black "Chernova, Natalja"]
[Result "1-0"]
[WhiteElo "2409"]
[BlackElo "2121"]
[PlyCount "43"]
[EventDate "2002.10.??"]
[EventType "swiss"]
[EventRounds "9"]
[EventCountry "RUS"]
[SourceTitle "CBM 091 Extra"]
[Source "ChessBase"]
[SourceDate "2003.01.09"]
[SourceVersion "1"]
[SourceVersionDate "2003.01.09"]
[SourceQuality "1"]

1. d4 e6 2. c4 Nf6 3. Nc3 Bb4 4. e3 0-0 5. Nge2 b6 6. a3 Be7 7. e4 Bb7 8. d5 exd5 9. cxd5 a5 10. Ng3 d6 11. Be2 Ba6 12. 0-0 Bxe2 13. Qxe2 Re8 14. Be3 Qd7 15. b4 Qd8 16. Rfc1 Na6 17. Rab1 Qd7 18. h3 Reb8 19. Nf5 Re8 20. Bd4 g6 21. Nh6+ Kf8 22. Qf3 1-0

[Event "St Petersburg Rudenko Memorial (Women)"]
[Site "St Petersburg"]
[Date "2001.12.14"]
[Round "7"]
[White "Chernova, Natalja"]
[Black "Eidelson, Rakhil"]
[Result "0-1"]
[WhiteElo "2147"]
[BlackElo "2282"]
[PlyCount "134"]
[EventDate "2001.12.08"]
[EventType "swiss"]
[EventRounds "9"]
[EventCountry "RUS"]
[SourceTitle "CBM 085 Extra"]
[Source "ChessBase"]
[SourceDate "2002.01.21"]
[SourceVersion "1"]
[SourceVersionDate "2002.01.21"]
[SourceQuality "1"]

1. e4 c5 2. d3 Nc6 3. g3 g6 4. Bg2 Bg7 5. Nd2 d6 6. Ngf3 e6 7. 0-0 Nge7 8. Re1 0-0 9. Nf1 e5 10. Nh4 f5 11. exf5 Nxf5 12. Nxf5 Bxf5 13. h4 Qd7 14. Nh2 Be6 15. h5 Qf7 16. Be3 g5 17. Ng4 h6 18. a3 Rac8 19. Be4 d5 20. Bg6 Qe7 21. Nh2 b6 22. Rb1 Qd7 23. c4 dxc4 24. dxc4 Nd4 25. b3 Rcd8 26. Qc1 Qc6 27. Bxd4 exd4 28. Qd2 Bh3 29. Be4 Qf6 30. Rf1 Bxf1 31. Rxf1 d3 32. Bd5+ Rxd5 33. cxd5 Qd4 34. Rd1 Rf5 35. Nf1 Rxd5 36. Ne3 Rd7 37. Nf5 Qg4 38. Nxg7 Kxg7 39. Qc3+ Qd4 40. Rxd3 Qxc3 41. Rxc3 Kf6 42. Rf3+ Ke5 43. Kg2 b5 44. Rc3 Kd4 45. Rc1 Rc7 46. f4 gxf4 47. gxf4 Ke3 48. f5 Ke4 49. f6 Kd5 50. Re1 Rf7 51. Re7 Rxf6 52. Rxa7 c4 53. bxc4+ bxc4 54. Rc7 Kd4 55. Rg7 Rf5 56. Rg4+ Kd3 57. Rg6 Rxh5 58. Rd6+ Kc2 59. Kf3 Kb3 60. Rb6+ Kxa3 61. Ke4 Rh3 62. Kd4 c3 63. Ra6+ Kb2 64. Rb6+ Kc2 65. Rb3 Kd2 66. Ra3 Rh4+ 67. Ke5 c2 0-1